České tradice : lidové zvyky, říkadla a písničky /

Hlavní autor: Izák, Martin
Další autoři: Izáková, Lenka
Jazyk: Čeština
Vydáno: Říčany : Sun, 2023
Vydání: 1. vydání
Témata:
Fyzický popis: 172 stran : barevné ilustrace, noty ; 22 cm
Knihy
Uloženo v:
LEADER 02524cam a2200709 i 4500
001 nkc20233535311
003 CZ PrNK
005 20241209080424.0
007 ta
008 230626s2023 xr ag b f 000 m cze d
015 |a cnb003535311 
020 |a 978-80-7687-145-8  |q (vázáno) 
035 |a (OCoLC)1429250772 
040 |a OPG001  |b cze  |d CBA001  |d BOA001  |e rda 
043 |a e-xr--- 
072 7 |a 398  |x Folklor. Lidové tradice  |2 Konspekt  |9 1 
072 7 |a 0/9-053.2  |x Literatura pro děti a mládež (naučná)  |2 Konspekt  |9 26 
080 |a 398.3  |2 MRF 
080 |a 398.1  |2 MRF 
080 |a 398.9  |2 MRF 
080 |a 784.4(=162.3)  |2 MRF 
080 |a 908(437.3)  |2 MRF 
080 |a (437.3)  |2 MRF 
080 |a (0.062)  |2 MRF 
080 |a (0:82-193)  |2 MRF 
080 |a (0:82-192)  |2 MRF 
080 |a (0.053.2)  |2 MRF 
100 1 |a Izák, Martin  |7 xx0090448  |4 ill 
245 1 0 |a České tradice :  |b lidové zvyky, říkadla a písničky /  |c ilustrovali: Martin a Lenka Izákovi 
250 |a 1. vydání 
264 1 |a Říčany :  |b Sun,  |c 2023 
300 |a 172 stran :  |b barevné ilustrace, noty ;  |c 22 cm 
336 |a text  |b txt  |2 rdacontent 
336 |a statický obraz  |b sti  |2 rdacontent 
337 |a bez média  |b n  |2 rdamedia 
338 |a svazek  |b nc  |2 rdacarrier 
500 |a Obálkový podnázev: poznej svou vlast 
650 0 7 |a lidové zvyky  |7 ph137518  |z Česko  |2 czenas 
650 0 7 |a lidové tradice  |7 ph122320  |z Česko  |2 czenas 
650 0 7 |a pranostiky  |7 ph124550  |z Česko  |2 czenas 
650 0 7 |a české lidové písně  |7 ph128141  |2 czenas 
650 0 9 |a folk customs  |z Czechia  |2 eczenas 
650 0 9 |a folk traditions  |z Czechia  |2 eczenas 
650 0 9 |a weather lore  |z Czechia  |2 eczenas 
650 0 9 |a Czech folk songs  |2 eczenas 
651 7 |a Česko  |7 ge128065  |x vlastivěda a dějiny  |2 czenas 
651 9 |a Czechia  |x local history and geography  |2 eczenas 
655 7 |a populárně-naučné publikace  |7 fd131864  |2 czenas 
655 7 |a říkadla  |7 fd133992  |2 czenas 
655 7 |a písňové texty  |7 fd133190  |2 czenas 
655 7 |a publikace pro děti  |7 fd133156  |2 czenas 
655 9 |a popular works  |2 eczenas 
655 9 |a children's poetry  |2 eczenas 
655 9 |a song texts  |2 eczenas 
655 9 |a children's literature  |2 eczenas 
700 1 |a Izáková, Lenka  |7 hka2017968804  |4 ill 
910 2 |a BOA001  |b 2-1518.997 
920 |a 1235523  |z CBA001 
990 |a BK 
995 |a 01 
991 |b 202401  |c NOV 
996 6 |b 2610958614  |c 2-1518.997  |l MZK  |r Sklad / do 1 hodiny  |n 1  |p p.v.  |w 001949508  |u 000010  |a 1  |e BOA001  |j MZK50  |s P